Sports Quiz

Random Sports or Baseball Quiz

Most Surprising Feats - No-Hitter Quiz Stats

 Plays Quiz not verified by Sporcle

Also try: Career Slam
Challenge
Share
Tweet
Embed
Score 0/10 Timer 10:00
0 Plays Today
Years/Teams (No-Hitter) Pitcher % Correct
2006-2013/NYM/MIN/KCR/CHW/HOU (2012-CHW)**Philip Humber
80%
2001-2002/STL (2001-STL)Bud Smith
74.3%
1986-2006/SFG/PHI/NYY/SFG/PHI/SEA/CHC/SFG/CHC/ATL/PIT/LAD/CLE/MIN/ARI (1990-PHI)Terry Mulholland
60%
1990-2006/MIN/BAL/NYM/TEX/LAD/NYY (1994-MIN)Scott Erickson
51.4%
1998-2004/STL/COL/CLE (1999-STL)Jose Jimenez
42.9%
1919-1928/CHW/SLB/BSN (1922-CHW)**Charlie Robertson
40%
1918-1937/CIN/STL (1924-STL)*Jesse Haines
28.6%
1927-1941/CLE/BOS/WSH/NYY/BRO/BSN (1931-CLE)Wes Ferrell
17.1%
1934-1945/CHW/DET/SLB/WSH/CLE/PHI/CIN (1935-CHW)Vern Kennedy
8.6%
1900-1906/CHC/BSN/DET/BRO (1906-BRO)Mal Eason
5.7%

You're not logged in!

Compare scores with friends on all Sporcle quizzes.
Join for Free
OR
Log In

You Might Also Like...

Show Comments

Extras

Top Quizzes Today


Score Distribution

Your Account Isn't Verified!

In order to create a playlist on Sporcle, you need to verify the email address you used during registration. Go to your Sporcle Settings to finish the process.

Report this User

Report this user for behavior that violates our Community Guidelines.

Details: